Pure Dragon Type Pokémon - Statistics

General Stats
  • This quiz has been taken 73 times
  • The average score is 12 of 13
Answer Stats
Region Number Answer % Correct
Hoenn 0371 Bagon
100%
0148 Dragonair
100%
Kanto 0147 Dratini
100%
0372 Shelgon
100%
Unova 0610 Axew
98%
0612 Haxorus
98%
0621 Druddigon
95%
0611 Fraxure
95%
0706 Goodra
93%
Kalos 0704 Goomy
91%
0705 Sliggoo
91%
Alola 0782 Jangmo-o
86%
Galar 0895 Regidrago
80%
No matching quizzes found
Score Distribution
Percent of People with Each Score
Percentile by Number Answered
Your Score History
You have not taken this quiz